Responsible finance india report 2016 (Record no. 140403)

MARC details
000 -LEADER
fixed length control field 00600nam a22001817a 4500
005 - DATE AND TIME OF LATEST TRANSACTION
control field 20170524144424.0
010 ## - LCCN (DPL NO)
LC control number ENG-118379
020 ## - INTERNATIONAL STANDARD BOOK NUMBER
International Standard Book Number 9789386062208
Terms of availability 995.00
035 ## - SYSTEM CONTROL NUMBER
System control number EN-101911
037 ## - SOURCE OF ACQUISITION
Source of stock number/acquisition DBAD/PUB
082 ## - DEWEY DECIMAL CLASSIFICATION NUMBER
Classification number 332
100 ## - MAIN ENTRY--PERSONAL NAME
Personal name Misra, Alok
245 ## - TITLE STATEMENT
Title Responsible finance india report 2016
Remainder of title Client first: tracking social performance practices /
Statement of responsibility, etc by Alok Misra
260 ## - PUBLICATION, DISTRIBUTION, ETC. (IMPRINT)
Place of publication, distribution, etc New Delhi
Name of publisher, distributor, etc Sage Publications India
Date of publication, distribution, etc 2017
270 ## - ADDRESS
Address B1/I-1 Mohan Cooperative Industrial Area Mathura Road, New Delhi-110044
300 ## - PHYSICAL DESCRIPTION
Extent xvi,143p
942 ## - ADDED ENTRY ELEMENTS (KOHA)
Source of classification or shelving scheme Dewey Decimal Classification
Item type English Books
Classification part 332
Call number suffix MIS
Holdings
Withdrawn status Lost status Not for loan Collection code Home library Current library Date acquired Source of acquisition Cost, normal purchase price Full call number Barcode Copy number Cost, replacement price Koha item type
      Non-fiction Shahdara Branch Shahdara Branch 24/05/2017 DBAD/PUB 995.00 332 MIS EN-101911 1 995.00 English Books

© Delhi Public Library
Hit Counter
free hit counter